| 000 | 00914nam a22003137a 4500 | ||
|---|---|---|---|
| 001 | BR7700128 | ||
| 003 | BR-BrBNA | ||
| 005 | 20230928085135.0 | ||
| 007 | ta | ||
| 008 | 230509b bl.||||| |||| 00| 0 por d | ||
| 040 |
_aBR-BrBNA _bpor _cBiblioteca Nacional de Agricultura |
||
| 041 | _a(Por) | ||
| 072 |
_aL32; L00 _b0120 _b9410 |
||
| 090 | _ 0120 BR7700128 | ||
| 100 | 1 | _aTenorio, E.P. | |
| 110 | 1 |
_aUniversidade Federal de Vicosa, MG (Brasil) _0Tese (Magister Scientiae) |
|
| 245 | 1 | _aEfeito do tratamento do milho a ser ensilado com ureia e biureto sobre a producao de leite [Zea mays] | |
| 260 | 3 |
_aVicosa, MG (Brasil): _c1976. |
|
| 300 | _a56 p. | ||
| 500 | _a14 tables; 42 ref.; Summary (Por) | ||
| 650 | _aMilho | ||
| 650 | _aEnsilagem | ||
| 650 | _aUreia | ||
| 650 | _aBiureto | ||
| 650 | _aLeite | ||
| 650 | _aProducao leiteira | ||
| 909 |
_a202309 _bLucia _c55 _dLucia Elande |
||
| 942 | _cBK | ||
| 999 |
_c22990 _d22990 |
||